Elementos de Derecho Administrativo / (Record no. 132960)

MARC details
000 -LEADER
campo de control de longitud fija 00709nam a2200205 4500
001 - NÚMERO DE CONTROL
campo de control 132960
003 - IDENTIFICADOR DE NÚMERO DE CONTROL
campo de control ES-MaACL
005 - FECHA Y HORA DE LA ÚLTIMA TRANSACCIÓN
campo de control 20250808081324.0
007 - CAMPO FIJO DE DESCRIPCIÓN FÍSICA--INFORMACIÓN GENERAL
campo de control de longitud fija t|
008 - DATOS DE LONGITUD FIJA--INFORMACIÓN GENERAL
campo de control de longitud fija 070214s1960 sp r ||||1| spa d
100 1# - ENTRADA PRINCIPAL--NOMBRE DE PERSONA
Nombre de persona Royo Villanova, Antonio,
Fechas asociadas al nombre 1869-1958
9 (RLIN) 100235
245 10 - MENCIÓN DEL TÍTULO
Título Elementos de Derecho Administrativo /
Mención de responsabilidad, etc. por Antonio Royo Villanova.
250 ## - MENCION DE EDICION
Mención de edición 25ª ed.
Resto de la mención de edición por Segismundo Royo-Villanova.
260 ## - PUBLICACIÓN, DISTRIBUCIÓN, ETC.
Lugar de publicación, distribución, etc. Valladolid :
Nombre del editor, distribuidor, etc. [s. n.],
Fecha de publicación, distribución, etc. 1960 (
Fabricante Imp. Castellana)
300 ## - DESCRIPCIÓN FÍSICA
Extensión 2 v. ;
Dimensiones 22 cm +
Material acompañante/anejo 1 apéndice.
650 #7 - PUNTO DE ACCESO ADICIONAL DE MATERIA--TÉRMINO DE MATERIA
Término de materia o nombre geográfico como elemento de entrada Derecho administrativo-
Subdivisión geográfica España
Fuente del encabezamiento o término
9 (RLIN) 145992
700 1# - ENTRADA AGREGADA--NOMBRE PERSONAL
Nombre de persona Royo Villanova, Segismundo.
9 (RLIN) 100238
852 ## - LOCALIZACIÓN
Ubicación ES-MaACL
Número de control de estantería C-20512-4
Sublocalización o colección R.48882
Holdings
Estatus retirado Estado de pérdida Estado de daño No para préstamo Biblioteca de origen Biblioteca actual Ubicación en estantería Fecha de adquisición Fuente de adquisición Total de préstamos Signatura topográfica completa Código de barras Visto por última vez Precio de reemplazo Tipo de ítem Koha
        Biblioteca del Ateneo de Madrid Biblioteca del Ateneo de Madrid Mesetón 17/01/2008     C-20512-4 1138421 23/02/2023 23/02/2023 Libro impreso